Načítá se...

Novels of R. K. Narayan /

Podrobná bibliografie
Hlavní autor: Holmstrom, Lakshmi
Médium: Printed Book
Jazyk:English
Vydáno: Writer's Workshop, 1973.
LEADER 00417nam a2200121Ia 4500
008 150624b xxu||||| |||| 00| 0 eng d
100 |a Holmstrom, Lakshmi 
245 |a Novels of R. K. Narayan /  |c Lakshmi Holmstrom 
260 |b Writer's Workshop,  |c 1973. 
300 |a 130 p. 
942 |c BK 
999 |c 20822  |d 20822 
952 |0 1  |1 0  |4 0  |7 0  |9 20821  |a UL  |b UL  |c TR  |d 1998-09-01  |l 0  |p 30788  |r 2012-10-27  |w 2012-10-27  |y BK  |z Transferred to Dept. of English